Real Madrid - Choix Multiples - Statistiques

Statistiques générales
  • Ce quiz a été pris 37 fois
  • Le résultat moyen est 8 sur 15
Statistiques - réponses
Question Réponse % Correct
Comment se nomme le stade ? Bernabéu
100%
Qui a marqué le plus de buts ? Cristiano Ronaldo
100%
Qui est le partenaire équipementier du club depuis 1998 ? Adidas
91%
Ancien Ballon d'Or ce français à un trophée à son nom récompensant le meilleur espoir, mais lequel ? Raymond Kopa
88%
Quel record le club ne possède-t-il pas ? Coupe d'Espagne
62%
Quand le club a-t-il été fondé ? 1902
59%
Quel joueur est a l'heure actuelle le transfert le plus onéreux du club ? Eden Hazard
59%
Quel est le joueur le plus capé du club ? Raúl
50%
Quel logo à été l'emblème du club durant plus de 50 ans ?
41%
Face a quel club, le Real a-t-il remporté la Ligue des champions avec le plus grand écart de buts ? Eintracht Francfort
35%
Quelle réponse est vraie concernant le club ? Elle compte plus de sociétaires que de places dans le stade
29%
En quelle année est-il devenu professionnel ? 1926
26%
Quel surnom n'a jamais été donné ? La Casa de Madrid
26%
Quel joueur a remporté le plus de titres lors de compétitions officielles ? Luka Modrić
21%
En quelle année la section féminine a-t-elle été fondée ? 2014
15%
Aucun quiz correspondant
Distribution des résultats
% des personnes avec chaque résultat
Percentile par nombre de réponses
Votre historique - résultats
Vous n’avez pas pris ce quiz